Szczegóły MARC21

Przygody Münchhausena /

003 -Nazwa inst., której nr kontr. jest w polu 001 [,]
    • @
    • Nazwa instytucji, której n kontrolny jest w polu 001
    • NUKAT
005 -DATA I CZAS OSTATNIEJ MODYFIKACJI [,]
    • @
    • pole kontrolne
    • 20241231095905.0
040 -Instytucja sporządzająca opis [ , ]
    • a
    • Instytucja, która sporządziła opis (NP)
    • BYDG 24/MM
    • c
    • Instytucja, która sporządziła rekord (NP)
    • BYDG 24/MM
041 -Język dokumentu [1, ]
    • a
    • Język tekstu (P)
    • polski
    • h
    • Język tekstu oryginalnego i/lub pośredniego (P)
    • niemiecki
    • h
    • Język tekstu oryginalnego i/lub pośredniego (P)
    • angielski
942 -Rodzaj dokumentu [ , ]
    • c
    • Rodzaj dokumentu
    • Książka
100 -Hasło główne - nazwa osobowa [1, ]
    • a
    • Nazwa osobowa (NP)
    • Bürger, Gottfried August
    • d
    • Daty biograficzne (NP)
    • (1747-1794).
    • 9
    • KHW
    • 53093
240 -Tytuł ujednolicony [1,0]
    • a
    • Tytuł ujednolicony
    • Wunderbare Reisen zu Wasser und Lande, Feldzüge und lustige Abenteuer des Freiherrn von Münchhausen
    • l
    • Język tekstu
    • (pol.)
    • 9
    • KHW
    • 59879
245 -Strefa tytułu i oznaczenia odpowiedzialności [1,0]
    • a
    • Tytuł
    • Przygody Münchhausena / Find
    • c
    • Pozostałe elementy strefy tytułu i oznaczenia odpowiedzialności (NP)
    • Gottfried A. Bürger ; il. Gustaw Doré ; przeł. Hanna Januszewska.
260 -Strefa adresu wydawniczego [ , ]
    • a
    • Miejsce wydania (P)
    • Warszawa :
    • b
    • Nazwa wydawcy (P)
    • Nasza Księgarnia,
    • c
    • Data wydania (P)
    • 1956.
300 -Strefa opisu fizycznego [ , ]
    • a
    • Określenie formy książki i/lub objętość (NP)
    • 126, [2] s. :
    • b
    • Oznaczenie ilustracji (NP)
    • il. ;
    • c
    • Format (NP)
    • 30 cm.
336 -Typ zawartości [ , ]
    • a
    • Termin opisujący typ zawartości
    • Tekst
    • b
    • Kod określający zawartość
    • txt
    • 2
    • Źródło (terminu i kodu)
    • rdacontent
337 -Typ mediów [ , ]
    • a
    • Tryb odtwarzania
    • Bez urządzenia pośredniczącego
    • b
    • Kod typu mediów
    • n
    • 2
    • Źródło (terminu i kodu)
    • rdamedia
338 -Typ/rodzaj nośnika [ , ]
    • a
    • Hasło opisujące typ nośnika
    • Wolumin
    • b
    • Kod typu nośnika
    • nc
    • 2
    • Źródło (terminu i kodu)
    • rdacarrier
080 -Uniwersalna Klasyfikacja Dziesiętna [ , ]
    • a
    • Symbol klasyfikacji
    • 821.112.2-93
    • 2
    • Identyfikator wydania tablic
    • UDC-P058
    • 9
    • UKD
    • 46734
    • b
    • Dopowiedzenie
    • Literatura niemiecka. - Literatura dla dzieci i młodzieży (do lat 16).
980 -Symbol UKD [ , ]
    • a
    • UKD
    • 821.112.2-93
700 -Hasło dodatkowe - nazwa osobowa [1, ]
    • a
    • Nazwa osobowa (NP)
    • Doré, Gustave Find
    • d
    • Daty biograficzne (NP)
    • (1832-1883).
    • e
    • Określenie rodzaju współpracy
    • Il.
    • 9
    • KHW
    • 59878
700 -Hasło dodatkowe - nazwa osobowa [1, ]
    • a
    • Nazwa osobowa (NP)
    • Januszewska, Hanna Find
    • d
    • Daty biograficzne (NP)
    • (1905-1980).
    • e
    • Określenie rodzaju współpracy
    • Tł.
    • 9
    • KHW
    • 59525
710 -Hasło dodatkowe - nazwa ciała zbiorowego [2, ]
    • a
    • Nazwa ciała zbiorowego lub nazwa geograficzna jako pierwszy element (NP)
    • "Nasza Księgarnia".
    • 4
    • Kod relacji
    • pbl
    • 9
    • KHW
    • 56421
Data inwentaryzacji Status udost. Lokalizacja Numer inwentarzowy
2002-11-181BGJK.149
 1BGZ.52820